01507nab a22002177a 4500999001500000003000400015005001700019008004100036040000700077100003200084245011800116260004200234300001200276500003700288505067700325505008901002650002601091650003401117773012501151942001301276 c6570d6570OSt20260224131247.0190506c xxu||||| |||| 00| 0 spa d cPJ 97133aVelasco, Luis María13aLa inteligencia artificial o el nuevo "caballo de troya", para manipular a los usuarios /cLuis María Velasco. aBuenos Aires :bAbeledoPerrot,c2024. ap. 3-18 aCita: TR LALEY AR/DOC/2546/2024. aSumario: I. Exordio.— II. La IA en el mundo. Visión de los distintos organismos internacionales.— III. El inesperado asesor de la IA en el G7. El Papa Francisco.— IV. La ONU pide que se regule la Inteligencia Artificial y sus riesgos.— V. La Unión Europea regula la Inteligencia Artificial.— VI. Conferencia y debate "Los cuatro jinetes del apocalipsis tecnocrático".— VII. ¿La inteligencia artificial genera empleos o destruye los existentes?— VIII. Todo lo que pueda ser digital será digital. La revolución digital.— IX. Inteligencia artificial en la periferia del capitalismo. América Latina.— X. Conclusión.— XI. Material consultado. t¿Te interesa el texto completo? Comunicate al correo: koha@justierradelfuego.gov.ar 091316aDERECHO LABORAL 095817aINTELIGENCIA ARTIFICIAL0 0275193202dBuenos Aires : AbeledoPerrot, 2013-tRevista de derecho laboral y seguridad social. Nº 22 - Noviembre 2024 2udccANA